Language Quiz

Random Language Quiz

El futuro y el futuro Perfecto de indicativo Quiz Stats

Quiz not verified by Sporcle

Challenge
Share
Tweet
Embed
Score 0/28 Timer 10:00
0 Plays Today
% Correct
tend
100%
diré
80%
habré
80%
podré
80%
pondré
80%
sabré
80%
saldré
80%
haré
80%
vendré
80%
crearé
60%
crearás
60%
creará
60%
crearemos
60%
crearéis
60%
% Correct
crearán
60%
protegeré
40%
protegerás
40%
protegerá
40%
protegeremos
40%
protegeréis
40%
protegerán
40%
invertiré
40%
invertirás
40%
invertiremos
40%
invertirá
40%
invertiréis
40%
invertiréis
40%
invertirán
40%

You're not logged in!

Compare scores with friends on all Sporcle quizzes.
Sign Up with Email
OR
Log In

You Might Also Like...

Show Comments

Extras

Top Quizzes Today


Score Distribution

Your Account Isn't Verified!

In order to create a playlist on Sporcle, you need to verify the email address you used during registration. Go to your Sporcle Settings to finish the process.